[Event "NED-ch U17"]
[Site "Haarlem"]
[Date "2012.05.04"]
[Round "7"]
[White "Frima, Erik"]
[Black "Van Heusden, David"]
[Result "0-1"]
[WhiteElo "1468"]
[BlackElo "1613"]
[PlyCount "58"]
[EventDate "2012.04.28"]
[EventType "swiss"]
[EventRounds "9"]
[EventCountry "NED"]
[SourceTitle "EXT 2013"]
[Source "ChessBase"]
[SourceDate "2012.11.22"]
[SourceVersion "1"]
[SourceVersionDate "2012.11.22"]
[SourceQuality "1"]

1. d4 Nf6 2. c4 e6 3. Nc3 Bb4 4. Bg5 h6 5. Bh4 b6 6. f3 d5 7. a3 Bxc3+ 8. bxc3 g5 9. Bg3 Nc6 10. Qd2 dxc4 11. e4 Na5 12. Qa2 Nb3 13. Rd1 b5 14. Ne2 a5 15. a4 Bd7 16. Nc1 Nxc1 17. Rxc1 Nh5 18. Be5 f6 19. Bg3 Nxg3 20. hxg3 c6 21. Be2 Qc7 22. Kf2 Kf7 23. Qd2 Raf8 24. d5 cxd5 25. exd5 Qc5+ 26. Qd4 Qxd4+ 27. cxd4 exd5 28. f4 b4 29. Bh5+ Ke7 0-1

[Event "NED-ch U17"]
[Site "Haarlem"]
[Date "2011.05.08"]
[Round "9"]
[White "Maris, Ivo"]
[Black "Frima, Erik"]
[Result "1-0"]
[WhiteElo "2011"]
[BlackElo "1316"]
[PlyCount "59"]
[EventDate "2011.04.30"]
[EventType "swiss"]
[EventRounds "9"]
[EventCountry "NED"]
[SourceTitle "EXT 2012"]
[Source "ChessBase"]
[SourceDate "2011.11.24"]
[SourceVersion "1"]
[SourceVersionDate "2011.11.24"]
[SourceQuality "1"]

1. f4 d5 2. b3 Nc6 3. Bb2 Bg4 4. Nf3 Nf6 5. e3 e6 6. h3 Bf5 7. Bb5 Be4 8. 0-0 Bxf3 9. Qxf3 Qd7 10. d3 a6 11. Bxc6 Qxc6 12. c4 Bc5 13. Nc3 Qd6 14. g4 0-0-0 15. d4 Bb4 16. c5 Qd7 17. Nb1 Ne4 18. a3 Bd2 19. Rd1 Bxe3+ 20. Qxe3 h6 21. Nd2 Nxd2 22. Rxd2 g5 23. Rf1 h5 24. fxg5 hxg4 25. Rh2 gxh3 26. Rxh3 Rxh3 27. Qxh3 Rg8 28. Bc1 f6 29. Rxf6 Qe7 30. Qxe6+ 1-0